01494nam a2200277 a 4500001001000000005001700010008004100027041000800068044000700076084002100083100004500104245009500149260003400244300002400278500022300302500014200525500012700667500012000794500001000914650005200924650005600976650003401032650004501066700005501111740005001166BRCA_268820190320203926.0021208s1886----fr-a---###---#000-0dspa-u aspa asp a205b.G376c18861 aCervantes Saavedra, Miguel ded1547-161610aEl Ingenioso Hidalgo Don Quijote de la Manchaccompuesto por Miguel de Cervantes Saavedra. aParisbGarnier hermanosc1886 a776 p.bil.c18 cm. aContenido : Primera parte. Vida de Cervantes, extraida de la escrita por Aribau. Dedicatoria del autor. Prólogo del autor. Versos preliminares. Texto. Segunda parte. Dedicatorias del autor. Prólogo del autor. Texto aEdición conforme a la última corregida por la Academia Española, con la vida del autor y notas para la buena inteligencia del texto aEdición conforme á la última corregida por la Academia Española con la vida del autor y notas ... Lúdovik Osterc aEstado físico : En esta edición el lomo se encuentra desprendido, y la encuadernación dividida en tres partes aQM19914aNovela españolayÉpoca clásica, 1500-170014aLiteratura españolayÉpoca clásica, 1500-170014aNovela españolaySiglo XVII14aDon Quijote (Personaje ficticio)eNovela1 aBuenaventura, Carlos Aribaud1798-1862eBiógrafo0 aEl Ingenioso Hidalgo Don Quijote de la Mancha